What Pokemon goes with what generation? - Statistics

General Stats
  • This quiz has been taken 30 times
  • The average score is 13 of 16
Answer Stats
Picture Answer % Correct
Kanto
100%
Johto
93%
Johto
93%
Johto
93%
Unova
85%
Unova
85%
Alola
81%
Alola
81%
Sinnoh
81%
Sinnoh
81%
Galar
78%
Hoenn
78%
Hoenn
78%
Paldea
78%
Paldea
78%
Kalos
74%
No matching quizzes found
Score Distribution
Percent of People with Each Score
Percentile by Number Answered
Your Score History
You have not taken this quiz